Change a Letter Slideshow III Quiz Stats

 Plays Quiz Updated Aug 31, 2015

Score 0/18 Timer 05:00
1 Play Today
% Correct
horse & house
99.8%
peace & peach
96.6%
broom & groom
96.5%
honey & money
94.8%
truck & trunk
93.3%
mower & tower
92.4%
nurse & purse
90.8%
eight & light
88.1%
steak & steam
87.3%
% Correct
crown & crows
86.2%
gavel & navel
84.9%
femur & lemur
83.1%
cloak & clock
83%
demon & lemon
81.1%
conch & couch
78.9%
stork & storm
75%
clamp & clams
67.5%
miter & mixer
46.8%

You're not logged in!

Compare scores with friends on all Sporcle quizzes.
OR
Log In

Sporcle TV

Today on Sporcle TV


Watch our educational content, quiz creation guides, and fun videos on Sporcle TV.

Show Comments

Extras

Top Quizzes Today


Score Distribution

Your Account Isn't Verified!

In order to create a playlist on Sporcle, you need to verify the email address you used during registration. Go to your Sporcle Settings to finish the process.

Report this User

Report this user for behavior that violates our Community Guidelines.

Details: